00741nam a2200217 a 450000100100000000500170001000800410002704000250006808200200009310000330011324500350014625000110018126000380019230000180023049000290024850400660027783000360034304900090037995201180038899900170050600002539320200930023745.0100702s1957 sp r 000 |aspa d aDO-SdBNPbspacBNPHU axxxbE23L, 19571 aLuz Morales , María95198310aEdison /cMaría Luz Morales. a4a ed. aBarcelona :bSeix Barral ,c1957. a131 ;c18 cm.1 aVidas de Grandes Hombres aIncluye referencias bibliográficas al pie de las páginas. 0aVidas de Grandes Hombres951984 aBNGR 001050718MOaGRbGRcCTd2011-02-15iLF1l0oxxx E23L, 1957p25393-10r2020-06-25w2020-06-25y1ZNo se presta c24885d24885